Eastern Utah Libraries Catalog: Duchesne, Heber, Roosevelt, & Vernal

Secrets of the national parks : (Record no. 357920)

MARC details
000 -LEADER
fixed length control field 01695cam a2200373Ii 4500
001 - CONTROL NUMBER
control field 1100601058
003 - CONTROL NUMBER IDENTIFIER
control field OCoLC
005 - DATE AND TIME OF LATEST TRANSACTION
control field 20210126155224.0
008 - FIXED-LENGTH DATA ELEMENTS--GENERAL INFORMATION
fixed length control field 190511s2020 dcuab g 001 0 eng d
020 ## - INTERNATIONAL STANDARD BOOK NUMBER
International Standard Book Number 9781426220852
Qualifying information (paperback)
020 ## - INTERNATIONAL STANDARD BOOK NUMBER
International Standard Book Number 1426220855
Qualifying information (paperback)
035 ## - SYSTEM CONTROL NUMBER
System control number (OCoLC)1100601058
040 ## - CATALOGING SOURCE
Original cataloging agency YDX
Language of cataloging eng
Description conventions rda
Transcribing agency YDX
Modifying agency OCLCQ
-- OCO
-- OCLCO
-- HEV
043 ## - GEOGRAPHIC AREA CODE
Geographic area code n-us---
082 04 - DEWEY DECIMAL CLASSIFICATION NUMBER
Classification number 917.3
Edition number 23
092 ## - LOCALLY ASSIGNED DEWEY CALL NUMBER (OCLC)
Classification number 917.3 Nat
245 00 - TITLE STATEMENT
Title Secrets of the national parks :
Remainder of title the expert's guide to the best experiences beyond the tourist trail.
246 1# - VARYING FORM OF TITLE
Display text At head of title:
Title proper/short title National Geographic.
250 ## - EDITION STATEMENT
Edition statement Second edition.
264 #1 - Production, Publication, Distribution, Manufacture, and Copyright Notice.
Place of production, publication, distribution, manufacture Washington, D.C. :
Name of producer, publisher, distributor, manufacturer National Geographic Society,
Date of production, publication, distribution, manufacture, or copyr 2020.
300 ## - PHYSICAL DESCRIPTION
Extent 286 pages :
Other physical details color illustrations, color maps ;
Dimensions 22 cm.
336 ## - Content Type
Content type term text
336 ## - Content Type
Content type term still image
336 ## - Content Type
Content type term cartographic image
337 ## - Media type
Media type term unmediated
338 ## - Carrier type
Carrier type term volume
500 ## - GENERAL NOTE
General note Includes index.
520 ## - SUMMARY, ETC.
Summary, etc The majority of national park visitors often stick to the most celebrated trails and scenic overlooks, missing a whole world of stunning scenery in the process. Informed by park rangers, superintendents, and frequent park visitors, National Geographic Secrets of the National Parks provides inspiration and information to plan your visit beyond the well-trodden, touristy spots in these 32 national parks.
650 #0 - SUBJECT ADDED ENTRY--TOPICAL TERM
Topical term or geographic name as entry element National parks and reserves
Geographic subdivision United States
General subdivision Description and travel.
9 (RLIN) 6401042
655 #7 - INDEX TERM--GENRE/FORM
Genre/form data or focus term Guidebooks.
Source of term lcgft.
9 (RLIN) 5689508
655 #7 - INDEX TERM--GENRE/FORM
Genre/form data or focus term Travel writing.
Source of term lcgft.
9 (RLIN) 5783690
907 ## - LOCAL DATA ELEMENT G, LDG (RLIN)
a .b444537600
942 ## - ADDED ENTRY ELEMENTS (KOHA)
Source of classification or shelving scheme Dewey Decimal Classification
Koha item type BOOK
Holdings
Withdrawn status Lost status Source of classification or shelving scheme Damaged status Not for loan Collection code Home library Current library Shelving location Date acquired Source of acquisition Total Checkouts Total Renewals Full call number Barcode Checked out Date last seen Date checked out Cost, replacement price Price effective from Koha item type
    Dewey Decimal Classification     General NonFiction Wasatch County Library Wasatch County Library Second Floor 01/26/2021 Micromarketing 11 10 917.3 Nat 34301001709049 03/13/2026 01/15/2026 01/15/2026 24.99 01/26/2021 BOOK
This project was made possible through a grant from the Institute of Museum and Library Service administered by the Utah State Library Division.

Wasatch County Library

  • 465 East 1200 South, Heber City, Utah 84032
  • Phone 435-654-1511 | Fax 435-654-6456

Hours

  • Monday - Friday 9:30 AM - 8:00 PM
  • Saturday 9:30 AM - 1:30 PM
  • Closed Sundays and Holidays